书目信息 |
| 题名: |
汉语谚语小辞典
|
|
| 作者: | ;中山大学中文系<汉语谚语小辞典>编写组 编 | |
| 分册: | ||
| 出版信息: | 广州 广东人民出版社 1982.4 |
|
| 页数: | 435页 | |
| 开本: | 13cm | |
| 丛书名: | ||
| 单 册: | ||
| 中图分类: | I277.7-61 | |
| 科图分类: | ||
| 主题词: | 民间文学--中国 | |
| 电子资源: | ||
| ISBN: | ||
| 000 | 00631nam0 2200193 45 | |
| 001 | 0312221749 | |
| 005 | 20060804165251.84 | |
| 010 | @dCNY0.74 | |
| 091 | @a9111.40 | |
| 100 | @a20031222d1982 km y0chiy0120 ea | |
| 101 | @achi | |
| 200 | 1 |
@a汉语谚语小辞典@AHan Yu Yan Yu Xiao Ci Dian@f中山大学中文系<汉语谚语小辞典>编写组编@FZhong Shan Da Xue Zhong Wen Xi |
| 210 | @a广州@c广东人民出版社@d1982.4 | |
| 215 | @a435页@d13cm | |
| 606 | 0 | @a民间文学@x中国 |
| 690 | @aI277.7-61@v3 | |
| 711 | 02 | @a中山大学中文系<汉语谚语小辞典>编写组@4编 |
| 801 | @aCN@bTSTCL@c20060804 | |
| 905 | @dI277.7-61@e97 | |
| 汉语谚语小辞典/中山大学中文系<汉语谚语小辞典>编写组编.-广州:广东人民出版社,1982.4 |
| 435页;13cm |
| ISBN :CNY0.74 |
| ● |
| 相关链接 |
|
|
|
|
正题名:汉语谚语小辞典
索取号:I277.7-61/97
 
预约/预借
| 序号 | 登录号 | 条形码 | 馆藏地/架位号 | 状态 | 备注 |
| 1 | 0168133 | 000559318 | 第二借阅区/ [索取号:I277.7-61/97] | 在馆 | |
| 2 | 0168134 | 000889881 | 第二借阅区/ [索取号:I277.7-61/97] | 在馆 | |
| 3 | 0168135 | 000889818 | 第二借阅区/ [索取号:I277.7-61/97] | 在馆 | |
| 4 | 0168136 | 000889827 | 第一样本阅览室/ [索取号:I277.7-61/97] | 在馆 | |
| 5 | 0449472 | 204494724 | 密集书库/ [索取号:I277.7-61/97] | 在馆 |